[Event "ITA-ch U20 25th"]
[Site "Bratto"]
[Date "2002.08.26"]
[Round "7"]
[White "Tassinari, Luca"]
[Black "Rodella, Tommaso"]
[Result "1-0"]
[WhiteElo "1600"]
[BlackElo "1573"]
[PlyCount "45"]
[EventDate "2002.08.20"]
[EventType "swiss"]
[EventRounds "9"]
[EventCountry "ITA"]
[SourceTitle "EXT 2007"]
[Source "ChessBase"]
[SourceDate "2006.11.23"]
[SourceVersion "1"]
[SourceVersionDate "2006.11.23"]
[SourceQuality "1"]

1. e4 e5 2. Nf3 Nc6 3. d4 exd4 4. Bc4 Nf6 5. 0-0 d6 6. Re1 Bg4 7. Be2 Bxf3 8. Bxf3 Be7 9. b3 Ne5 10. Bb2 Nxf3+ 11. Qxf3 c6 12. Bxd4 0-0 13. Nd2 Nd7 14. Rad1 Bf6 15. Nc4 Be7 16. Ba1 Qc7 17. Qg3 g6 18. Nxd6 Bxd6 19. Rxd6 Qa5 20. Bc3 Qxa2 21. Rxd7 Qxc2 22. Qe5 Qxc3 23. Qxc3 1-0

[Event "ITA-ch U20 25th"]
[Site "Bratto"]
[Date "2002.08.21"]
[Round "2"]
[White "Chinello, Gianmarco"]
[Black "Rodella, Tommaso"]
[Result "0-1"]
[WhiteElo "1636"]
[BlackElo "1573"]
[PlyCount "110"]
[EventDate "2002.08.20"]
[EventType "swiss"]
[EventRounds "9"]
[EventCountry "ITA"]
[SourceTitle "EXT 2007"]
[Source "ChessBase"]
[SourceDate "2006.11.23"]
[SourceVersion "1"]
[SourceVersionDate "2006.11.23"]
[SourceQuality "1"]

1. e4 e5 2. Nf3 Nc6 3. d4 exd4 4. Bc4 Nf6 5. 0-0 d6 6. Nxd4 Be7 7. Nc3 Ne5 8. Bb3 0-0 9. Bg5 c6 10. Re1 Qc7 11. Qe2 Ne8 12. Bxe7 Qxe7 13. Rad1 Qg5 14. Rf1 Ng6 15. Nf3 Qf6 16. Nd2 Nf4 17. Qf3 h5 18. h3 Qg5 19. Qg3 Qxg3 20. fxg3 Ne6 21. Nc4 b5 22. Nxd6 b4 23. Ne2 Ba6 24. Rf2 Rd8 25. e5 Nc5 26. Rd4 Nxb3 27. axb3 c5 28. Rd2 f6 29. Nc1 fxe5 30. Nxe8 Rfxe8 31. c3 e4 32. Rxd8 Rxd8 33. c4 Rd1+ 34. Rf1 Rd2 35. Re1 Bb7 36. Kf1 Rxb2 37. Re2 Rb1 38. Re1 Kf7 39. Kf2 Ke6 40. Ke3 Rb2 41. Re2 Rxe2+ 42. Kxe2 Ke5 43. Ke3 g5 44. Ne2 Bc8 45. Kd2 Bd7 46. Ke3 a5 47. Kd2 Bc6 48. Ke3 a4 49. Nc1 axb3 50. Nxb3 Kd6 51. Kf2 Ba4 52. Nd2 Ke5 53. Ke3 Bc2 54. Nf1 b3 55. Kd2 Bd3 0-1